000
00479nam a2200169Ia 4500
008
090711s9999 xx 000 0 und d
082
_b
55576
100
_a
अवSाट अनिल
245
_a
धागे आडवे उभे
260
_c
1986
300
_a
156
600
_a
अवSाट अनिल
630
_a
धागे आडवे उभे
700
_a
अवSाट अनिल
730
_a
धागे आडवे उभे
942
_c
BOOK
999
_c
288315
_d
288315